000 00422cam a2200169ua 4500
020 _c1.00
041 _amal
_h
082 _a894.812308
_bBAL/TH
100 _aBalakrishnan, P.K .
245 _aThoratha kannuneer /
_cP.M Balakrishnan.
_hTextual Documents
260 _aThrissur :
_bBhashabhushanam book press ,
_c1993.
300 _a72 ; .
365 _a1.00
504 _a
942 _cBK
999 _c7778
_d7778